000
00325nam a2200133Ia 4500
008
230818s1989 xx 000 0 und d
041
_a
eng
100
_a
Elliot Rosek
245
_a
Zodiac Cook Book
260
_b
pyramid books
_c
1989
300
_a
144p
520
_a
Hard Board | Reference Copy
999
_c
853646
_d
853646
650
_a
Food Production